Central Library OPAC University of Rajshahi

اسلامی نظام تعلیم ;; islami nazaam taalim / (Record no. 85722)

MARC details
000 -LEADER
fixed length control field 00633nam a22001937a 4500
003 - CONTROL NUMBER IDENTIFIER
rucl marc code BD-RjUL
005 - DATE AND TIME OF LATEST TRANSACTION
control field 20250916110527.0
008 - FIXED-LENGTH DATA ELEMENTS--GENERAL INFORMATION
fixed length control field 250916s195? pk ||||| |||| 00| 0 urd d
035 ## - SYSTEM CONTROL NUMBER
System control number (BD-RjUL)
040 ## - CATALOGING SOURCE
Original cataloging agency BD-RjUL
Language of cataloging eng
Transcribing agency BD-RjUL
041 ## - LANGUAGE CODE
Language code of text/sound track or separate title urd
082 ## - DEWEY DECIMAL CLASSIFICATION NUMBER
Edition number 23
Classification number 297.273
Author mark and year RAI 195?
100 ## - MAIN ENTRY--PERSONAL NAME
Personal name Rafiq, Saeed Ahmed ;; رفیق، سعید احمد
9 (RLIN) 16914
245 ## - TITLE STATEMENT
Title اسلامی نظام تعلیم ;; islami nazaam taalim /
Statement of responsibility, etc. سعید احمد رفیق ;; Saeed Ahmed Rafiq
260 ## - PUBLICATION, DISTRIBUTION, ETC. (IMPRINT)
Place of publication, distribution, etc. Karachi :
Name of publisher, distributor, etc. Educational ,
Date of publication, distribution, etc. 195?
300 ## - PHYSICAL DESCRIPTION
Pagination 304 p. ;
Size 17 cm
650 ## - SUBJECT ADDED ENTRY--TOPICAL TERM
Topical term or geographic name as entry element Islamic system
Form subdivision education
9 (RLIN) 16915
942 ## - ADDED ENTRY ELEMENTS (KOHA)
Source of classification or shelving scheme Dewey Decimal Classification
Koha item type Books
Holdings
Lost status Source of classification or shelving scheme Damaged status Not for loan Collection code Permanent Location Current Location Shelving location Date acquired Total Checkouts Full call number Date last seen Copy number Koha item type
  Dewey Decimal Classification   Not For Loan Fiction Central Library, University of Rajshahi Central Library, University of Rajshahi Reading Room 16/09/2025   U 297.273 RAI 195? 16/09/2025 c-1 Books